1707 1320 1314 1368 1066 1783 1822 1894 1380 1676 1095 1623 1256 1079 1353 1257 1270 1880 1475 1900 1637 1635 1453 1921 1919 1917 1226 1985 1077 1651 1633 1492 1486 1488 1620 1503 1069 1717 1666 1356 1232 1599 1812 1942 1648 1320 1501 1183 1184 1950 1058 1061 1589 1651 1415 1840 1278 1106 1022 1980 1641 1951 1112 1129 1805 1101 1531 1991 1941 1375 1648 1002 1654 1015 1156 1346 1294 1939 1431 1704 1147 1099 1968 1798 1732 1264 1388 1305 1376 1718 1316 1330 1362 1017 1337 1029 1525 1163 1219 BCNSPRNW ULIB Ver.6.0+V

เปลี่ยนเป็นภาษาไทย

Change to English
 แสดงรายละเอียดบรรณานุกรม
  กลับหน้าหลัก

Brief Record : Get Marc (ISO 2709) : E-mail record : QR code < ปิดหน้าต่าง
LEADER : 00000nam 2200000uu 4500
001    13399123167
003     ULIB
008    020711s2549 th a 000 0 tha d
020    9749698134
020    9789749698136
090    นว.^bม111ห
100    มิยาเบะ มิยูกิ
245    เหตุที่ฆ่า /^cมิยาเบะ มิยูกิ ; เขียน , อาจารี สัตยาประเสริฐ ; แปล
250    พิมพ์ครั้งที่ 1
260    กรุงเทพฯ :^bNB Horror,^c2549
300    536 หน้า;^b21 ซม.
700    อาจารี สัตยาประเสริฐ ;^eแปล
945    ^p285^l0^i034424
999    ^aเกษร โพธิ์สุวรรณ
รายการนี้ยังไม่มีแท็ก
คุณยังไม่ได้ล็อกอิน คุณสามารถมีกิจกรรมร่วมกับเว็บไซต์ได้ แต่ต้องล็อกอินก่อน ::
  ล็อกอิน

รายการสื่อสารสนเทศ

ลำดับที่ ประเภท เลขเรียก/บาร์โค้ด สถานที่ สถานะ
1. นวนิยาย
นวนิยาย
นว. ม111ห ฉ.1 
  Barcode: 034424
ห้องสมุดวิทยาเขตสวรรค์ประชารักษ์
►นวนิยาย
บนชั้น
  ขอยืม

BibComment


ยังไม่เคยถูกคอมเมนท์

คอมเมนท์ทรัพยากรรายการนี้
  คอมเมนท์: เหตุที่ฆ่า มิยาเ..


 Copyright 2026. Bcnsprnw @Library